Five Nights at Freddy's ALL CHARACTERS - Statistics

General Stats
  • This quiz has been taken 469 times
  • The average score is 120 of 212
Answer Stats
Hint Answer % Correct
FNAF1 | FNAFUCN Freddy Fazbear
100%
MCI Gabriel (Freddy)
100%
FNAF UCN | FNAF1 Bonnie the Bunny
99%
FNAF UCN | FNAF1 Chica the Chicken
99%
MCI Fritz (Foxy)
99%
MCI Susie (Chica)
99%
FNAF UCN | FNAF1 Foxy the Pirate
98%
MCI Jeremy (Bonnie)
98%
FNAF UCN | FNAF1 Golden Freddy
94%
MCI Cassidy (Golden Freddy)
93%
FNAF3 Fredbear (STAGE01 Minigame)
93%
Wound 1stInflicted Charlotte Emily (The Marionette)
89%
FNAF UCN | FNAF2 The Marionette
88%
FNAF UCN | FNAF2 The Mangle
86%
FNAF UCN | FNAF2 Balloon Boy
85%
FNAF3 Springbonnie (STAGE01 Minigame)
85%
FNAF UCN Springtrap
84%
FNAF3 Springtrap (William Afton)
84%
FNAF UCN | FNAF2 Toy Bonnie
84%
FNAF UCN | FNAF2 Toy Chica
84%
FNAF UCN | FNAF2 Toy Freddy
84%
FNAF UCN | FNAF4 Nightmare
82%
FNAF2 | FNAF3 Purple Guy (William Afton)
82%
FNAF UCN Security Guard (William Afton)
82%
FNAF UCN | FNAF5SL Circus Baby
79%
FNAF5 SL Elizabeth Afton
79%
FNAF UCN | FNAF4 Nightmare Bonnie
79%
FNAF UCN | FNAF4 Nightmare Chica
79%
FNAF UCN | FNAF2 Withered Bonnie
79%
FNAF4 Nightmare Freddy
78%
FNAF4 Foxybro (Michael Afton)
77%
FNAF2 Fritz Smith (Michael Afton)
77%
FNAF1 Mike Schmidt (Michael Afton)
77%
FNAF3 | FNAF5 SL | FNAF6 PS Security Guard (Michael Afton)
77%
FNAF4 Nightmare Foxy
76%
FNAF UCN | FNAF2 Withered Chica
76%
FNAF2 Withered Foxy
76%
FNAF2 Withered Freddy
76%
FNAF UCN Nightmare Freddy & Freddles
74%
FNAF5 SL Ballora
73%
FNAF UCN | FNAF5 SL Funtime Foxy
72%
FNAF5 SL Funtime Freddy
71%
FNAF UCN | FNAF2 RWQFSFASXC (Shadow Bonnie)
71%
FNAF UCN | FNAF3 Phantom Freddy
69%
FNAF UCN | FNAF1 | FNAF2 | FNAF3 Ralph the Phone Guy
69%
FNAF3 Phantom Foxy
68%
FNAF3 Phantom Chica
67%
FNAF2 | FNAF3 Shadow Freddy
67%
FNAF UCN | FNAF4 Plushtrap
66%
FNAF UCN | FNAF5 SL Ennard
65%
FNAF UCN | FNAF4 Nightmare Fredbear
64%
FNAF UCN | FNAF3 Phantom Balloon Boy
64%
FNAF UCN | FNAF4Halloween Nightmarionne
63%
FNAF3 Phantom Marionette
62%
FNAFSB Glamrock Freddy
61%
FNAF SB Roxanne Wolf
61%
FNAF UCN | FNAF4Halloween Jack-O-Chica
60%
FNAF UCN | FNAF2 JayJay
60%
FNAF UCN | FNAF6PS Lefty
60%
FNAF SB Glamrock Chica
59%
FNAF4Halloween Jack-O-Bonnie
59%
FNAF UCN | FNAF4Halloween Nightmare Balloon Boy
59%
FNAF UCN | FNAF3 Phantom Mangle
59%
FNAF SB | FNAFVR HW2 Vanny
59%
FNAF5 SL Bon-Bon
58%
FNAF1 Carl the Cupcake
58%
FNAF4 Crying Child (Dave Afton)
57%
FNAF SB Montgomery Gator
57%
FNAF UCN | FNAF6PS Scrap Baby
57%
FNAF UCN Scraptrap
56%
FNAF6PS Scraptrap (William Afton)
56%
FNAF1 Endo 01
55%
FNAF6 PS Cassette Man (Henry Emily)
54%
FNAF SotM M1 (F10-N4)
54%
FNAFSotM M2 (The Mimic)
54%
FNAF UCN | FNAF6PS Rockstar Chica
54%
FNAF UCN | FNAF6PS Rockstar Freddy
54%
FNAF SB Ruin | FNAFVR HW2 The Mimic
54%
FNAF UCN | FNAF6 PS Funtime Chica
53%
FNAF UCN | FNAF6 PS Molten Freddy
53%
FNAF UCN | FNAF6PS Rockstar Bonnie
53%
FNAF2 Endo 02
52%
FNAF UCN | FNAF6PS Rockstar Foxy
52%
FNAF2 Withered Golden Freddy
52%
FNAF SB Ruin | FNAF SB Gregory
50%
FNAF6 PS Mr. Hippo
50%
FNAF UCN | FNAF4Halloween Nightmare Mangle
50%
FNAF6 PS Happy Frog
49%
FNAF SB Vanessa
49%
FNAFVR HW Jeremy (First Beta Tester)
48%
FNAF UCN | FNAF5 SL Lolbit
48%
FNAFVR HW Tape Girl (Vanessa)
47%
FNAF SB Moon (Daycare Attendant)
46%
FNAF6 PS Orville Elephant
46%
FNAF SB Sun (Daycare Attendant)
46%
FNAF SB DJ Music Man
45%
FNAFVRHW Malhare (Glitchtrap)
44%
FNAF UCN | FNAF6PS Mr. Can-Do
44%
FNAF UCN | FNAF6PS Mr. Hugs
44%
FNAF UCN | FNAF5 SL Bonnet
43%
FNAF UCN | FNAF6 PS Music Man
43%
FNAF UCN | FNAF6PS No. 1 Crate
43%
FNAF UCN | FNAF6PS Pan Stan
43%
FNAF SB Wind-Up Music Man
43%
FNAF6 PS Nedd Bear
42%
FNAF UCN | FNAF6 PS Bucket Bob
41%
FNAF SB Glamrock Bonnie
41%
FNAF4 The Freddles
41%
FNAF5 SL Minireenas
40%
FNAF5 SL Yenndo
40%
FNAF UCN DeeDee
38%
FNAF UCN | FNAF6 PS El Chip
38%
FNAF SB Ruin Helpi
38%
FNAF6 PS Pigpatch
38%
FNAF UCN | FNAF6 PS Helpy
37%
FNAF SB Burntrap
36%
FNAFVR HW CoD Dreadbear
36%
FNAF UCN Old Man Consequences
34%
FNAF5 SL Bidybabs
31%
FNAF6 PS Candy Cadet
31%
FNAF SB The Blob
29%
FNAF2 Toy Cupcake
27%
FNAFSB Ruin Cassie
26%
FNAF SB Ruin Eclipse (Daycare Attendant)(Ruined Sun & Ruined Moon)
26%
FNAF SB Ruin Ruined Glamrock Chica
25%
FNAF UCN Vengeful Spirit (Cassidy)
25%
FNAF5 SL Electrobabs
24%
FNAF5 SL HandUnit
24%
FNAF3 Phone Dude
24%
FNAF SB Ruin Ruined Montgomery Gator
24%
FNAF SB Ruin Ruined Roxanne Wolf
24%
FNAF SB Various S.T.A.F.F Bots
24%
FNAF SotM Edwin Murray
23%
FNAF SotM Edwin's Father
23%
FNAF4Halloween Jack-O-Lantern (Cupcake)
23%
FNAF SB Ruin Ruined Glamrock Freddy (Prototype?)
23%
FNAF6 PS Security Puppet
22%
FNAF6 PS Fruit Punch Clown
21%
FNAF6 PS Lemonade Clown
21%
FNAFUCN XOR (Shadow DeeDee)
21%
FNAF SotM David Murray
19%
FNAF6 PS Egg Baby
19%
FNAF SotM Jackie
19%
FNAF2 Jeremy Fitzgerald (Bite of '87)
19%
FNAF6 PS Prize King
17%
FNAF SotM Fiona Murray
14%
FNAFVRHW2 Technician (Cassie's Dad [Bonnie Bro??])
12%
FNAF SotM Nurse Dollie
11%
FNAFSotM Arnold
10%
FNAF SotM Big Top
10%
FNAF4 Psychic Friend Fredbear
10%
FNAF5 SL Technicians
8%
FNAF SotM Sleepy Moon
7%
FNAFSotM Tiger Rock
7%
No matching quizzes found
Score Distribution
Percent of People with Each Score
Percentile by Number Answered
Your Score History
You have not taken this quiz